Devinez la Capitale Mystère #143 - Statistiques

Statistiques générales
  • Ce quiz a été pris 96 fois
  • Le résultat moyen est 28 sur 35
Statistiques - réponses
Type de Réponse Réponse % Correct
Lettre Trouvée A
100%
Lettre Trouvée E
100%
Lettre de l'Alphabet I
100%
Lettre Trouvée R
100%
Lettre de l'Alphabet S
100%
Lettre Bien Placée A
99%
Lettre Trouvée N
99%
Lettre de l'Alphabet L
97%
Lettre Trouvée O
97%
Lettre Trouvée B
96%
Lettre de l'Alphabet M
94%
Lettre de l'Alphabet T
94%
Lettre de l'Alphabet P
91%
Lettre de l'Alphabet U
89%
Lettre de l'Alphabet K
87%
Lettre de l'Alphabet C
86%
Lettre Trouvée G
86%
Lettre de l'Alphabet D
84%
Lettre de l'Alphabet H
84%
Lettre de l'Alphabet W
80%
Lettre de l'Alphabet V
76%
Lettre Bien Placée R
73%
Lettre Bien Placée E
70%
Lettre de l'Alphabet Y
70%
Lettre de l'Alphabet J
66%
Lettre Bien Placée O
64%
Lettre Bien Placée O
63%
Lettre Bien Placée N
61%
Lettre de l'Alphabet X
61%
Lettre Bien Placée B
59%
Lettre de l'Alphabet Z
59%
Lettre de l'Alphabet F
51%
Lettre Bien Placée G
50%
Lettre de l'Alphabet Q
47%
Capitale Mystère Gaborone
46%
Aucun quiz correspondant
Distribution des résultats
% des personnes avec chaque résultat
Percentile par nombre de réponses
Votre historique - résultats
Vous n’avez pas pris ce quiz